| 000 | 00911cam a2200265 a 4500 | ||
|---|---|---|---|
| 001 | 000005299 | ||
| 005 | 20200929151634.0 | ||
| 008 | 010430s2000 sp a b 001 1 spa | ||
| 020 | _a8437617928 | ||
| 040 |
_aDO-SdBNP _cDLC _dDLC |
||
| 082 |
_aPe863.44 _bB916v |
||
| 100 | 1 |
_aBryce Echenique, Alfredo, _d1939- _915067 |
|
| 245 | 1 | 3 |
_aLa vida exagerada de Martín Romaña / _cAlfredo Bryce Echenique ; edición de Julio Ortega y María Fernanda Lander. |
| 260 |
_aMadrid : _bCátedra, _c2000. |
||
| 300 |
_a644 p. : _bil. ; _c18 cm. |
||
| 490 | 1 |
_aLetras hispánicas _v486 |
|
| 504 | _aIncluye referencias bibliográficas: (p. 41-42). | ||
| 650 | 4 |
_aNovela peruana _912569 |
|
| 650 | 4 |
_aLiteratura peruana _93140 |
|
| 700 | 1 |
_aOrtega, Julio, _d1942- _98984 |
|
| 700 | 1 |
_aLander, María Fernanda. _915073 |
|
| 830 | 0 |
_aLetras hispánicas ; _v486 _94208 |
|
| 910 | _aCatalogación por copia / LC | ||
| 910 | _aWM | ||
| 999 |
_c5100 _d5100 |
||